Materské v praxi

Nárok na materské si okrem matky dieťaťa môže uplatniť aj iný poistenec - dôležitosť splnenia všetkých podmienok nároku. Výška materského - praktický príklad. Vylúčenie nároku na materské. Nárok na materské počas rodičovskej dovolenky alebo v období nároku na rodičovský príspevok. Súbeh nárokov na m...

Ausführliche Beschreibung

Gespeichert in:
Bibliographische Detailangaben
1. Verfasser: Šefčovičová, Katarína
Format: Buchkapitel
Sprache:Slowakisch
Schlagworte:
Tags: Tag hinzufügen
Keine Tags, Fügen Sie das erste Tag hinzu!

MARC

LEADER 00000naa$a2200000$$$4500
001 0094805
005 20230925075209.8
041 0 |a slo 
044 |a SK 
245 1 0 |a Materské v praxi  |c Katarína Šefčovičová 
520 |a Nárok na materské si okrem matky dieťaťa môže uplatniť aj iný poistenec - dôležitosť splnenia všetkých podmienok nároku. Výška materského - praktický príklad. Vylúčenie nároku na materské. Nárok na materské počas rodičovskej dovolenky alebo v období nároku na rodičovský príspevok. Súbeh nárokov na materské. Prechod z nemocenského na materské. 
610 2 0 |a poistenie sociálne 
610 2 0 |a poistenci 
610 2 0 |a príspevok rodičovský 
610 2 0 |a dávky v materstve 
610 2 0 |a dávky poistenia nemocenského 
100 1 |a Šefčovičová, Katarína